[Event "Cup Giovanni Pico (open)"]
[Site "masterchessopen.com - Mirandola (Italy)"]
[Date "2009.01.11"]
[Round "4"]
[White "Vezzosi Paolo (ITA)"]
[Black "Corvi Marco (ITA)"]
[Result "1-0"]
[WhiteElo "2372"]
[BlackElo "2317"]

1.Nf3 f5 2.c4 Nf6 3.g3 d6 4.d4 e6 5.Bg2 Be7 6.O-O O-O 7.Nc3 a5 8.b3 Ne4 9.Bb2
Nxc3 10.Bxc3 Bf6 11.Qc2 Nc6 12.e4 e5 13.dxe5 dxe5 14.exf5 e4 15.Bxf6 Qxf6
16.Nh4 a4 17.Rae1 Nd4 18.Qd1 axb3 19.axb3 Nxf5 20.Rxe4 Nxh4 21.Rxh4 Bf5
22.Bxb7 Ra2 23.Qd4 g5 24.Bd5+ Kg7 25.Qxf6+ Rxf6 26.Rd4 c5 27.Rdd1 Rb2 28.Rfe1
Bg4 29.Re7+ Kf8 30.Rde1 Rfxf2 31.Rxh7 Bf3 {#r} 1-0

[Event "It (open) \"]
[Site "masterchessopen.com - Gibraltar (England)"]
[Date "2009.02.04"]
[Round "9"]
[White "Suez-Panama Gilles (FRA)"]
[Black "Walton Alan J (ENG)"]
[Result "1-0"]
[WhiteElo "2122"]
[BlackElo "2152"]

1.d4 e6 2.Nf3 f5 3.g3 Nf6 4.Bg2 Be7 5.O-O O-O 6.c4 d6 7.Nc3 a5 8.Qc2 Nc6 9.e4
e5 10.dxe5 dxe5 11.Bg5 Ng4 12.Rad1 Qe8 13.Bxe7 Qxe7 14.Nd5 Qc5 15.h3 Nh6
16.Qc3 Nf7 17.Nxc7 Nd4 18.Nxd4 exd4 19.Qxd4 Qxc7 20.exf5 Bxf5 21.Qd5 Bc8
22.Rfe1 Ra6 23.c5 Re6 24.Rxe6 Bxe6 25.Qxe6 Qxc5 26.Rd7 Qc1+ 27.Kh2 g6 28.Bd5
{#r} 1-0

[Event "It (open)"]
[Site "masterchessopen.com - Vlissingen (Netherlands)"]
[Date "2009.08.07"]
[Round "8"]
[White "Privitera Franco (ITA)"]
[Black "Provoost Simon (NED)"]
[Result "0-1"]
[WhiteElo "2131"]
[BlackElo "2265"]

1.c4 f5 2.d4 Nf6 3.Nf3 e6 4.g3 Be7 5.Bg2 O-O 6.O-O d6 7.Nc3 a5 8.Qc2 Nc6 9.Rd1
Qe8 10.b3 e5 11.Nb5 Bd8 12.c5 Nb4 13.Qb1 Qxb5 14.a3 Nc6 15.cxd6 cxd6 16.a4 Qb6
17.dxe5 dxe5 18.Be3 Qc7 19.b4 axb4 20.Bc5 Be7 21.Qb3+ Kh8 22.Rac1 Bxc5 23.Rxc5
Qe7 24.Rdc1 Ne4 25.Rb5 Nc3 {#R} 0-1

[Event "It (open)"]
[Site "masterchessopen.com - Vlissingen (Netherlands)"]
[Date "2009.08.08"]
[Round "9"]
[White "Karthikeyan P (IND)"]
[Black "Provoost Simon (NED)"]
[Result "1-0"]
[WhiteElo "2478"]
[BlackElo "2265"]

1.d4 f5 2.c4 Nf6 3.g3 e6 4.Bg2 Be7 5.Nf3 d6 6.O-O O-O 7.Nc3 a5 8.Qc2 Nc6 9.a3
e5 10.dxe5 dxe5 11.Rd1 Qe8 12.Nd5 Bd8 13.Bg5 Rf7 14.Bxf6 Bxf6 15.e4 Bd8 16.h3
Qf8 17.exf5 Bxf5 18.Qe2 e4 19.Nh2 Bf6 20.Nxf6+ Rxf6 21.Ng4 Bxg4 22.hxg4 e3
23.f4 Re8 24.g5 Rd6 25.Bd5+ Kh8 26.Rd3 Rdd8 27.Re1 Qc5 28.Rxe3 Re7 29.Qf2 Rxe3
30.Qxe3 Nd4 31.Qe8+ Qf8 32.Qxf8+ Rxf8 33.Bxb7 c6 34.Kf2 g6 35.Re7 Nf5 36.Rc7
Rb8 37.c5 {#r} 1-0

[Event "It (open) (b)"]
[Site "masterchessopen.com - Polanica Zdroj (Poland)"]
[Date "2009.08.19"]
[Round "2"]
[White "Musialkiewicz Pawel (POL)"]
[Black "Betkowski Andrzej (POL)"]
[Result "0-1"]
[WhiteElo "1838"]
[BlackElo "2184"]

1.d4 e6 2.c4 f5 3.Nf3 Nf6 4.g3 Be7 5.Bg2 O-O 6.O-O d6 7.Nc3 a5 8.Re1 Ne4 9.Qc2
Nxc3 10.bxc3 Bf6 11.e4 fxe4 12.Qxe4 Nc6 13.Bf4 Bd7 14.Rad1 Rb8 15.Bh3 Re8
16.c5 d5 17.Qe3 b6 18.cxb6 Rxb6 19.Re2 Qb8 20.Qc1 a4 21.Rde1 Na5 22.Ne5 Bxe5
23.Bxe5 Re7 24.Qg5 Rf7 25.Bg4 Nc4 26.Bh5 Nxe5 27.Rxe5 Rf6 28.Bg4 Qf8 29.Qe3
Qd6 30.Kg2 Kf7 31.Qc1 Qc6 32.R1e3 Qb7 33.Rf3 Rxf3 34.Bxf3 Qc8 35.Qg5 Qf8 36.c4
{#R} 0-1

[Event "Tournament (open)"]
[Site "masterchessopen.com - Volgograd (Russia)"]
[Date "2010.01.05"]
[Round "3"]
[White "Shtyrenkov Veniamen (RUS)"]
[Black "Gusev Alex (RUS)"]
[Result "1-0"]
[WhiteElo "2414"]
[BlackElo "2022"]

1.Nf3 f5 2.d4 Nf6 3.g3 e6 4.Bg2 Be7 5.O-O O-O 6.c4 d6 7.Nc3 a5 8.b3 Nc6 9.d5
Nb4 10.dxe6 Bxe6 11.Nd4 Bc8 12.a3 Na6 13.Qc2 Nc5 14.Rb1 Nfe4 15.Nxf5 Nxc3
16.Nxe7+ Qxe7 17.Qxc3 Qxe2 18.Bb2 Qg4 19.Rbe1 Qg5 20.f4 Qf6 21.Bd5+ Kh8 22.Re8
Nd7 {#r} 1-0

[Event "Czech League 2009/10 (1st) West"]
[Site "masterchessopen.com - Czech Republic"]
[Date "2010.02.21"]
[Round "9"]
[White "Kozak Milos (CZE)"]
[Black "Trapl Jindrich (CZE)"]
[Result "0-1"]
[WhiteElo "2213"]
[BlackElo "2337"]

1.d4 e6 2.c4 f5 3.g3 Nf6 4.Bg2 Be7 5.Nf3 O-O 6.O-O d6 7.Nc3 a5 8.b3 Ne4 9.Bb2
Nxc3 10.Bxc3 Qe8 11.Qe1 a4 12.e4 f4 13.e5 d5 14.gxf4 Rxf4 15.Bd2 Re4 16.Be3
Nc6 17.Qc3 Qg6 18.Kh1 Bd7 19.Rg1 Qh5 20.cxd5 Rf8 21.Nd2 Rh4 22.Nf1 exd5
23.Bxd5+ Kh8 24.Rg3 Nb4 25.Bg2 Bc6 26.bxa4 Nd5 27.Qd2 Bb4 28.Qc1 Bc3 29.Rg5
Qf7 30.Rb1 Bxd4 31.Bxd4 Rxd4 32.Qc5 Qxf2 33.Rb2 Qxf1+ 34.Bxf1 Ne3+ 35.Qxc6
bxc6 36.Rg1 Nxf1 {#R} 0-1

[Event "NRW-liga 2009/10"]
[Site "masterchessopen.com - Germany"]
[Date "2010.02.21"]
[Round "7"]
[White "Krallmann Matthias (GER)"]
[Black "Zatonskih V (UKR)"]
[Result "0-1"]
[WhiteElo "2230"]
[BlackElo "2277"]

1.d4 e6 2.c4 f5 3.g3 Nf6 4.Bg2 Be7 5.Nf3 O-O 6.O-O d6 7.Nc3 a5 8.Re1 Ne4 9.Qd3
Nxc3 10.bxc3 Nc6 11.e4 fxe4 12.Qxe4 Bf6 13.h4 Qe7 14.Bf4 Qf7 15.Ng5 Bxg5
16.hxg5 Kh8 17.Qe2 Bd7 18.Rab1 b6 19.d5 exd5 20.cxd5 Ne5 21.Bxe5 dxe5 22.d6
Rac8 23.dxc7 Rxc7 24.Rxb6 Rxc3 25.Rb7 Qf5 26.Qxe5 Qxf2+ 27.Kh2 Rc2 28.Rg1 Qf3
29.Qd4 Qxb7 {#R} 0-1

[Event "Memorial Karl Mala (open)"]
[Site "masterchessopen.com - Frankfurt (Germany)"]
[Date "2010.07.08"]
[Round "1"]
[White "Kurka Dieter (GER)"]
[Black "Heilmann Uwe (GER)"]
[Result "1-0"]
[WhiteElo "2040"]
[BlackElo "2080"]

1.d4 f5 2.g3 Nf6 3.Bg2 e6 4.c4 Be7 5.Nf3 O-O 6.O-O d6 7.Nc3 a5 8.Qc2 Nc6 9.a3
e5 10.dxe5 dxe5 11.Rd1 Qe8 12.Nd5 Bd6 13.c5 Nxd5 14.Rxd5 Be6 15.Ng5 e4 16.Bxe4
Bxc5 17.Rxc5 Nd4 18.Qd3 Nb3 19.Rxc7 Rd8 20.Qc3 Nd4 21.Bd3 {#r} 1-0

[Event "It \"]
[Site "masterchessopen.com - Toronto (Canada)"]
[Date "2010.07.12"]
[Round "3"]
[White "Friedel Joshua E (USA)"]
[Black "Gluckie Jamin (CAN)"]
[Result "1-0"]
[WhiteElo "2505"]
[BlackElo "2092"]

1.d4 e6 2.Nf3 f5 3.g3 Nf6 4.Bg2 Be7 5.O-O O-O 6.c4 d6 7.Nc3 a5 8.Re1 Ne4 9.Nd2
Nxc3 10.bxc3 Nc6 11.e4 e5 12.d5 Nb8 13.c5 Na6 14.c6 bxc6 15.dxc6 f4 16.gxf4
Rxf4 17.Nc4 Rg4 18.Ne3 Rg6 19.Kh1 Qe8 20.Nd5 Bd8 21.f4 exf4 22.Nxf4 Rg4 23.Bf3
Rh4 24.e5 dxe5 25.Rxe5 Qf8 26.Qe2 {#r} 1-0

[Event "Ch Czech Republic (team) (open)"]
[Site "masterchessopen.com - Pardubice (Czech Republic)"]
[Date "2010.07.17"]
[Round "5"]
[White "Yuffa Daniil (RUS)"]
[Black "Varitski Igor (UKR)"]
[Result "0-1"]
[WhiteElo "2235"]
[BlackElo "2295"]

1.c4 f5 2.Nf3 Nf6 3.g3 d6 4.d4 e6 5.Bg2 Be7 6.O-O O-O 7.Nc3 a5 8.Qc2 d5 9.Bf4
c6 10.c5 h6 11.Bxb8 Rxb8 12.Ne5 Qe8 13.a3 Nd7 14.Nxd7 Bxd7 15.f4 b5 16.cxb6 c5
17.Nxd5 exd5 18.Bxd5+ Kh8 19.dxc5 Bc6 20.Bf3 Bxf3 21.Rxf3 Qc6 22.Rc3 Rfd8
23.Rc4 Rd5 24.b4 Rbd8 25.Rf1 Rd2 26.Qc3 Rxe2 27.Qf3 Qe6 28.Rc3 Bf6 29.Rd3 Rxd3
30.Qxd3 Qa2 {#R} 0-1

[Event "It (open)"]
[Site "masterchessopen.com - Forio (Italy)"]
[Date "2010.07.24"]
[Round "9"]
[White "Lazarev Vladimir (FRA)"]
[Black "Ochtman Henk (NED)"]
[Result "1-0"]
[WhiteElo "2433"]
[BlackElo "2192"]

1.d4 f5 2.g3 Nf6 3.Bg2 e6 4.c4 Be7 5.Nf3 d6 6.O-O O-O 7.Nc3 a5 8.b3 Ne4 9.Bb2
c6 10.e3 Nd7 11.Qc2 Nxc3 12.Bxc3 b5 13.d5 cxd5 14.Nd4 Ne5 15.cxd5 b4 16.Bb2
Qb6 17.Nxe6 Bxe6 18.dxe6 Rac8 19.Qd2 h5 20.Rac1 Rcd8 21.Bd4 Qb8 22.Rc2 Rfe8
23.Qe2 g6 24.h3 Rc8 25.Rfc1 Rxc2 26.Rxc2 Rc8 27.f4 {#r} 1-0

[Event "Ch Great Britain"]
[Site "masterchessopen.com - Canterbury (England)"]
[Date "2010.07.28"]
[Round "3"]
[White "Cumbers Paul (ENG)"]
[Black "Hawkins Jonathan (ENG)"]
[Result "0-1"]
[WhiteElo "2214"]
[BlackElo "2429"]

1.d4 f5 2.g3 Nf6 3.Bg2 e6 4.Nf3 Be7 5.c4 O-O 6.O-O d6 7.Nc3 a5 8.b3 Ne4 9.Bb2
Nxc3 10.Bxc3 Qe8 11.Qc2 Nd7 12.a3 Qh5 13.b4 a4 14.b5 f4 15.e3 e5 16.exf4 exf4
17.Qe4 Rf7 18.Nd2 Nf6 19.Qf3 Qh6 20.Rae1 d5 21.cxd5 Bd7 22.d6 Bxd6 23.Qxb7
Raf8 24.Bd5 Nxd5 25.Qxd5 Bh3 26.Nc4 Bxf1 27.Rxf1 Qh3 28.Qg2 Qf5 29.f3 Qxb5
30.Ne5 Bxe5 31.dxe5 Qc5+ {#R} 0-1

[Event "It (cat.2)"]
[Site "masterchessopen.com - Kecskemet (Hungary)"]
[Date "2010.08.27"]
[Round "7"]
[White "Sagar Shah (IND)"]
[Black "Kaufman Raymond (USA)"]
[Result "0-1"]
[WhiteElo "2304"]
[BlackElo "2307"]

1.d4 f5 2.Nf3 Nf6 3.g3 e6 4.Bg2 Be7 5.O-O O-O 6.c4 d6 7.Nc3 a5 8.b3 Ne4 9.Bb2
Nxc3 10.Bxc3 Qe8 11.Qc2 Qh5 12.a3 Nd7 13.b4 a4 14.Ne1 g5 15.e3 Nf6 16.f3 b5
17.cxb5 Bd7 18.Bd2 Bxb5 19.Rf2 Rac8 20.Nd3 Nd5 21.e4 fxe4 22.fxe4 Bf6 23.e5
Bg7 24.Rxf8+ Rxf8 25.Re1 Qg4 26.Re4 Nf4 27.Bxf4 Bxd3 28.Qxd3 gxf4 29.Bf3 Qg5
30.g4 h5 31.Kh1 hxg4 32.Bd1 g3 33.hxg3 fxg3 34.Kg2 {#R} 0-1

[Event "Ch Finland (team) 2010/11 (1 Division)"]
[Site "masterchessopen.com - Finland"]
[Date "2010.09.18"]
[Round "1"]
[White "Johansson Jukka (FIN)"]
[Black "Pessi Juha (FIN)"]
[Result "1-0"]
[WhiteElo "2127"]
[BlackElo "2147"]

1.d4 f5 2.g3 Nf6 3.Bg2 e6 4.c4 d6 5.Nf3 Be7 6.O-O O-O 7.Nc3 a5 8.b3 Na6 9.Bb2
Rb8 10.Re1 Qe8 11.e4 fxe4 12.Nxe4 Nxe4 13.Rxe4 b5 14.Qe2 bxc4 15.bxc4 Qh5
16.Bc3 Bf6 17.g4 Qg6 18.g5 Bb7 19.Rxe6 Bxf3 20.Bxf3 Qxg5+ 21.Kh1 c5 22.Rg1 Qf4
23.Re4 Qh6 24.Bd2 Qh3 25.Bg4 Qa3 26.Be6+ Kh8 27.Re3 Qxa2 28.Rh3 g6 29.Qe4 Rg8
30.Bxg8 Rxg8 31.Qf4 Bxd4 32.Rxh7+ {#r} 1-0

[Event "Memorial Crespi (open)"]
[Site "masterchessopen.com - Milan (Italy)"]
[Date "2010.12.08"]
[Round "6"]
[White "Quaranta Cristiano (ITA)"]
[Black "Nicolo Filippo (ITA)"]
[Result "1-0"]
[WhiteElo "2116"]
[BlackElo "2060"]

1.d4 f5 2.Nf3 Nf6 3.g3 e6 4.Bg2 Be7 5.O-O O-O 6.c4 d6 7.Nc3 a5 8.Qc2 Nc6 9.b3
e5 10.dxe5 dxe5 11.Rd1 Qe8 12.Nd5 Bd6 13.Nxf6+ Rxf6 14.c5 Be7 15.Bb2 e4 16.Ng5
Rf8 17.Nh3 g5 18.f3 exf3 19.exf3 f4 20.Bf1 Qg6 21.Bc4+ Rf7 22.Qc3 {#r} 1-0

[Event "It (open) (masters)"]
[Site "masterchessopen.com - Hastings (England)"]
[Date "2011.01.02"]
[Round "6"]
[White "Simon Thomas (GER)"]
[Black "Rich Mark (ENG)"]
[Result "1-0"]
[WhiteElo "1985"]
[BlackElo "2107"]

1.Nf3 e6 2.g3 f5 3.Bg2 Nf6 4.c4 Be7 5.O-O O-O 6.d4 d6 7.Nc3 a5 8.Re1 Ne4 9.Qc2
Nxc3 10.bxc3 Qe8 11.e4 fxe4 12.Qxe4 Qh5 13.c5 Nc6 14.cxd6 cxd6 15.Rb1 a4 16.c4
Ra5 17.Bd2 Raf5 18.g4 d5 19.Qxf5 {#r} 1-0

[Event "It (open) (w)"]
[Site "masterchessopen.com - Moscow (Russia)"]
[Date "2011.01.30"]
[Round "2"]
[White "Kharmunova Nadejda (RUS)"]
[Black "Stepovaia Tatiana (RUS)"]
[Result "1-0"]
[WhiteElo "2245"]
[BlackElo "2353"]

1.Nf3 e6 2.g3 f5 3.Bg2 Nf6 4.O-O d6 5.d4 Be7 6.c4 O-O 7.Nc3 a5 8.Qc2 Nc6 9.e4
Nb4 10.Qe2 fxe4 11.Nxe4 Nxe4 12.Qxe4 e5 13.g4 exd4 14.Nxd4 Na6 15.Ne6 Bxe6
16.Qxe6+ Kh8 17.Be3 Nc5 18.Qd5 c6 19.Qd2 Qc8 20.Rae1 Rf7 21.h3 Qf8 22.b3 a4
23.b4 Nd7 24.f4 Bh4 25.Rc1 Re8 26.g5 Bg3 27.Rc3 Rxe3 28.Qxe3 Bxf4 29.Qe6 Ne5
30.c5 dxc5 31.Rxf4 Rxf4 32.Qxe5 Rf5 33.Qe1 cxb4 34.Re3 Qc5 35.Kh1 g6 36.Re7
Rxg5 37.Qa1+ Qc3 38.Qd1 {#r} 1-0

[Event "It (open)"]
[Site "masterchessopen.com - Lille (France)"]
[Date "2011.04.25"]
[Round "1"]
[White "Manolache Marius (ROM)"]
[Black "Bourges Jerome (FRA)"]
[Result "1-0"]
[WhiteElo "2535"]
[BlackElo "2067"]

1.d4 e6 2.c4 f5 3.g3 Nf6 4.Bg2 Be7 5.Nf3 O-O 6.O-O d6 7.Nc3 a5 8.Qc2 Nc6 9.Rd1
Qe8 10.d5 Nb4 11.Qb3 e5 12.c5 Kh8 13.a3 Na6 14.cxd6 cxd6 15.Be3 Qh5 16.Bb6 f4
17.gxf4 Bh3 18.Bxh3 Qxh3 19.Ng5 Qh5 20.f3 Nd7 21.Nce4 Rxf4 22.Ne6 Rh4 23.Ng3
Qg6 24.Bf2 Rb8 25.Rac1 Ndc5 26.Nxc5 Nxc5 27.Qc2 Qf6 28.Nf5 Rh5 29.Nxe7 Qxe7
30.Bxc5 Rc8 31.Qe4 dxc5 32.d6 Qe6 33.Qg4 Qxg4+ 34.fxg4 Rg5 35.d7 Rd8 36.Rxc5
{#r} 1-0

[Event "It (open) \"]
[Site "masterchessopen.com - Ostrava (Czech Republic)"]
[Date "2011.05.04"]
[Round "5"]
[White "Bartos Jan (CZE)"]
[Black "Hausner Ivan (CZE)"]
[Result "1-0"]
[WhiteElo "2239"]
[BlackElo "2407"]

1.d4 e6 2.Nf3 f5 3.g3 Nf6 4.Bg2 Be7 5.O-O O-O 6.c4 d6 7.Nc3 a5 8.b3 Na6 9.Bb2
c6 10.Re1 Ne4 11.Qc2 d5 12.a3 Bd7 13.e3 Bf6 14.Ne5 Rc8 15.Ne2 b5 16.Nf4 a4
17.b4 bxc4 18.Qxa4 Bxe5 19.dxe5 Qb6 20.Bd4 Qb5 21.Qxb5 cxb5 22.Bxe4 fxe4
23.Ne2 Ra8 24.Nc3 Nc7 25.Re2 Ra6 26.Rea2 Na8 {#r} 1-0

[Event "Ch North Norwegian"]
[Site "masterchessopen.com - Tromsoe (Norway)"]
[Date "2011.06.10"]
[Round "1"]
[White "Cengija Vanja (CRO)"]
[Black "Johnsen Kjell Magne (NOR)"]
[Result "1-0"]
[WhiteElo "2267"]
[BlackElo "1972"]

1.d4 e6 2.c4 f5 3.g3 Nf6 4.Bg2 Be7 5.Nf3 O-O 6.O-O d6 7.Nc3 a5 8.Re1 Ne4 9.Qd3
Nxc3 10.bxc3 Nc6 11.e4 e5 12.Nd2 f4 13.Rb1 Qe8 14.Ba3 Qh5 15.c5 dxc5 16.d5 Nd8
17.Qc4 Nf7 18.Bxc5 Nd6 19.Qe2 Qxe2 20.Rxe2 b6 21.Ba3 Ba6 22.Ree1 Rae8 23.Bh3
g5 24.Bd7 Rd8 25.Be6+ Kg7 26.Kg2 Kf6 27.h4 Bd3 28.hxg5+ Kxg5 29.Rbd1 Ba6
30.Nf3+ Kf6 31.gxf4 exf4 32.e5+ Kg7 33.exd6 Bxd6 34.Bxd6 {#r} 1-0

[Event "Tournament \"]
[Site "masterchessopen.com - Registro (Brazil)"]
[Round "6"]
[White "Tournier Laurie Cristiane (BRA)"]
[Black "Tashima Vanessa Kelly (BRA)"]
[Result "1-0"]
[WhiteElo "1956"]
[BlackElo "1905"]

1.d4 f5 2.c4 Nf6 3.g3 e6 4.Bg2 Be7 5.Nf3 O-O 6.O-O d6 7.Nc3 a5 8.Rb1 Qe8 9.a3
Qh5 10.b4 axb4 11.axb4 Nbd7 12.Nb5 Bd8 13.Nd2 e5 14.dxe5 dxe5 15.e4 f4 16.Qxh5
Nxh5 17.Bb2 Re8 18.c5 Nf8 19.Rfd1 Ra4 20.Ba1 b6 21.cxb6 cxb6 22.Nd6 {#r} 1-0

[Event "It (open)"]
[Site "masterchessopen.com - Oberwart (Austria)"]
[Date "2011.07.09"]
[Round "1"]
[White "Bukal Vladimir Jr (CRO)"]
[Black "Aigner Michael (AUT)"]
[Result "1-0"]
[WhiteElo "2415"]
[BlackElo "2030"]

1.d4 f5 2.g3 Nf6 3.Bg2 e6 4.Nf3 Be7 5.O-O O-O 6.c4 d6 7.Nc3 a5 8.Qc2 Nc6 9.Rd1
Qe8 10.a3 Qh5 11.d5 Nd8 12.dxe6 Nxe6 13.Nd5 Bd8 14.Nd4 c6 15.Nxe6 Bxe6 16.Nf4
Qf7 17.Rxd6 Bxc4 18.Qxf5 Bc7 19.Rd4 Rae8 20.e3 Re5 21.Qc2 Bb3 22.Qe2 Bb6
23.Rd6 Bc5 24.Rd2 Ne4 25.Nd3 Nxf2 26.Nxe5 Qe6 27.Nd3 Bxe3 28.Nxf2 Bc4 29.Qd1
Bb3 30.Qe1 Bxf2+ 31.Qxf2 Rxf2 32.Rxf2 Qe1+ 33.Rf1 Qe2 34.Bf3 Qe5 35.Rf2 g5
36.Bd2 Qxb2 37.Re1 Qxa3 {#r} 1-0

[Event "Ch Spain (team) (2 div) (gr.1)"]
[Site "masterchessopen.com - Padrun (Spain)"]
[Date "2011.08.10"]
[Round "1"]
[White "Miton Kamil (POL)"]
[Black "Martinez Catalin Francisco (ESP)"]
[Result "1-0"]
[WhiteElo "2628"]
[BlackElo "2245"]

1.d4 e6 2.Nf3 f5 3.g3 Nf6 4.Bg2 Be7 5.O-O O-O 6.c4 d6 7.Nc3 a5 8.b3 Ne4 9.Bb2
Nxc3 10.Bxc3 Qe8 11.Qc2 Nd7 12.e4 f4 13.e5 dxe5 14.dxe5 Qh5 15.h3 g5 16.g4 Qh6
17.a3 Nb6 18.Qe4 a4 19.b4 Rb8 20.Qe2 Bd7 21.Nd2 c6 22.Bd4 Bd8 23.Rad1 Be8
24.Bc5 Rf7 25.Ne4 Nd7 26.Bd6 Ra8 27.Rd2 Nf8 28.f3 Ng6 29.Rfd1 Bb6+ 30.c5 Bd8
31.Qf2 Qg7 32.Bf1 Bd7 33.Bc4 Kh8 34.Rd3 Ne7 35.Bxe7 Rxe7 36.Nf6 {#r} 1-0

[Event "It (cat.10)"]
[Site "masterchessopen.com - Haarlem (Netherlands)"]
[Date "2011.08.26"]
[Round "7"]
[White "Turov Maxim (RUS)"]
[Black "De Jager Jaap (NED)"]
[Result "1-0"]
[WhiteElo "2630"]
[BlackElo "2395"]

1.d4 e6 2.Nf3 f5 3.g3 Nf6 4.Bg2 Be7 5.O-O O-O 6.c4 d6 7.Nc3 a5 8.b3 Ne4 9.Bb2
Nxc3 10.Bxc3 Qe8 11.Ne1 Bf6 12.Qd2 Nc6 13.d5 Bxc3 14.Qxc3 Nd8 15.c5 e5 16.cxd6
cxd6 17.Qc7 Qd7 18.Rc1 Qxc7 19.Rxc7 Rf7 20.Rc3 b5 21.Nf3 b4 22.Rc2 h6 23.Rfc1
Ba6 24.h4 g6 25.e4 f4 26.Nd2 fxg3 27.fxg3 Kg7 28.Bh3 Bd3 29.Rc7 a4 30.Rxf7+
Nxf7 31.Kf2 axb3 32.axb3 Ra7 33.Rc6 Rb7 34.Bc8 Ra7 35.Be6 {#r} 1-0

[Event "It (open)"]
[Site "masterchessopen.com - High Wycombe (England)"]
[Date "2011.09.10"]
[Round "4"]
[White "Dixit Kumar (ENG)"]
[Black "Harvey Marcus R (ENG)"]
[Result "0-1"]
[WhiteElo "1810"]
[BlackElo "2125"]

1.d4 e6 2.Nf3 f5 3.c4 Nf6 4.g3 Be7 5.Bg2 O-O 6.O-O d6 7.Nc3 a5 8.Qc2 Nc6 9.Re1
e5 10.dxe5 dxe5 11.Rd1 Bd7 12.e4 Qc8 13.Be3 Ng4 14.Nd5 fxe4 15.Nd2 Nxe3
16.Nxe3 Nd4 17.Qxe4 Bc6 18.Qxe5 Bf6 19.Qh5 g6 20.Bd5+ Kg7 21.Qg4 Bd7 22.Bxb7
Bxg4 23.Bxc8 Bxd1 {#R} 0-1

[Event "Ch Finland (team) 2011/12"]
[Site "masterchessopen.com - Finland"]
[Date "2011.11.20"]
[Round "6"]
[White "Hurme Harri M (FIN)"]
[Black "Lehtivaara Petri (FIN)"]
[Result "0-1"]
[WhiteElo "2203"]
[BlackElo "2327"]

1.d4 e6 2.c4 f5 3.Nf3 Nf6 4.g3 Be7 5.Bg2 O-O 6.O-O d6 7.Nc3 a5 8.b3 Ne4 9.Qc2
Nxc3 10.Qxc3 Nc6 11.Bb2 Bf6 12.Rad1 Qe8 13.Qc1 e5 14.d5 Nb4 15.a3 Na6 16.e4
Nc5 17.Nd2 Nd3 18.Qc2 Nxb2 19.Qxb2 f4 20.b4 Qh5 21.c5 axb4 22.axb4 Bh3 23.Ra1
Rxa1 24.Rxa1 Bxg2 25.Kxg2 Qe2 26.Qc3 Bg5 27.Nf3 Qxe4 28.Rd1 Be7 29.g4 Ra8
30.Kg1 Ra4 31.cxd6 Bxd6 32.h3 Qxb4 33.Qxb4 Rxb4 34.Ra1 h6 35.h4 e4 36.Nh2 Rd4
37.f3 e3 38.Kf1 Rd2 {#R} 0-1

[Event "Ch Paulista"]
[Site "masterchessopen.com - Santos (Brazil)"]
[Date "2011.12.02"]
[Round "1"]
[White "Stamenkovic Dragan (SRB)"]
[Black "Vizzotto Bernardo (BRA)"]
[Result "1-0"]
[WhiteElo "2422"]
[BlackElo "2009"]

1.d4 e6 2.c4 f5 3.g3 Nf6 4.Bg2 Be7 5.Nf3 O-O 6.O-O d6 7.Nc3 a5 8.Qc2 Nc6 9.a3
Qe8 10.d5 Ne5 11.Nd4 Neg4 12.Nxe6 Bxe6 13.dxe6 Nxh2 14.Kxh2 Ng4+ 15.Kg1 Qh5
16.Rd1 c6 17.Rd4 Qh2+ 18.Kf1 Bf6 19.Rd3 f4 20.gxf4 Nxf2 21.Kxf2 Bd8 22.c5 Bh4+
23.Kf1 Rxf4+ 24.Bxf4 Rf8 25.e3 {#r} 1-0

[Event "Ch Norway (team) 2011/12"]
[Site "masterchessopen.com - Norway"]
[Date "2012.01.13"]
[Round "4"]
[White "Hole Oystein (NOR)"]
[Black "Johannessen Leif Erlend (NOR)"]
[Result "0-1"]
[WhiteElo "2371"]
[BlackElo "2503"]

1.Nf3 f5 2.c4 Nf6 3.g3 d6 4.d4 e6 5.Bg2 Be7 6.O-O O-O 7.Nc3 a5 8.b3 Ne4 9.Qc2
Nxc3 10.Qxc3 Nc6 11.Bb2 Bf6 12.Rad1 Qe8 13.Qd2 e5 14.dxe5 dxe5 15.e4 fxe4
16.Qd5+ Kh8 17.Qxe4 Qh5 18.Rd5 Nb4 19.Rd2 Bf5 20.Qxb7 Nd3 21.Bc3 Nc5 22.Qxc7
Ne4 23.Nxe5 Nxd2 24.Bxd2 Rae8 25.Re1 Bxe5 26.Rxe5 Qd1+ 27.Be1 Qxe1+ 28.Rxe1
Rxe1+ 29.Bf1 Bh3 {#R} 0-1

[Event "It (open)"]
[Site "masterchessopen.com - Copenhagen (Denmark)"]
[Date "2012.05.04"]
[Round "5"]
[White "Wilbrandt Simon Pil (DEN)"]
[Black "Maack Kjartan (ISL)"]
[Result "0-1"]
[WhiteElo "1950"]
[BlackElo "2133"]

1.d4 e6 2.c4 f5 3.g3 Nf6 4.Bg2 Be7 5.Nf3 O-O 6.O-O d6 7.Nc3 a5 8.Re1 Ne4 9.Qc2
Nxc3 10.Qxc3 Nc6 11.e4 e5 12.dxe5 dxe5 13.exf5 Bb4 14.Qe3 Bxe1 15.Qxe1 Bxf5
16.Bg5 Qe8 17.Rd1 Bg4 18.Qe4 Qh5 19.Qd5+ Kh8 20.Bf6 Rxf6 21.Rd3 Rd6 {#R} 0-1

[Event "Ch Great Britain"]
[Site "masterchessopen.com - North Shields (England)"]
[Date "2012.07.28"]
[Round "6"]
[White "Gordon Stephen J (ENG)"]
[Black "Harvey Marcus R (ENG)"]
[Result "1-0"]
[WhiteElo "2539"]
[BlackElo "2134"]

1.d4 e6 2.c4 f5 3.g3 Nf6 4.Bg2 Be7 5.Nf3 O-O 6.O-O d6 7.Nc3 a5 8.Re1 Ne4 9.Qd3
Nxc3 10.bxc3 Nc6 11.e4 fxe4 12.Qxe4 e5 13.dxe5 dxe5 14.Nxe5 Nxe5 15.Qxe5 Bf6
16.Qd5+ Kh8 17.Ba3 c6 18.Qh5 g6 19.Qf3 c5 20.Bxc5 Rf7 21.Be7 Qb6 22.c5 Qa6
23.Bd6 Kg7 24.Bf1 Qc6 25.Qxc6 bxc6 26.Re3 Rfa7 27.Rb1 Bd7 28.Bb8 Bf5 29.Rb6
Rd7 30.Bd6 Bd8 31.Rxc6 Rb7 32.Be5+ Kh6 33.Bf4+ Kg7 34.Be5+ Kh6 35.Bd3 {#r} 1-0

[Event "It (open)"]
[Site "masterchessopen.com - Stockholm (Sweden)"]
[Round "7"]
[White "Jansson Anders O (SWE)"]
[Black "Westerberg Jonathan (SWE)"]
[Result "0-1"]
[WhiteElo "2099"]
[BlackElo "2305"]

1.Nf3 f5 2.g3 Nf6 3.c4 d6 4.d4 e6 5.Bg2 Be7 6.O-O O-O 7.Nc3 a5 8.Qc2 Nc6 9.d5
Nb4 10.Qd1 e5 11.a3 Na6 12.b4 Qe8 13.Rb1 axb4 14.axb4 Qh5 15.c5 f4 16.gxf4 Bh3
17.Bxh3 Qxh3 18.Kh1 e4 19.Nd4 Ng4 20.f5 {#R} 0-1